000 00670nam a2200229 i 4500
001 142985
003 ES-MaACL
005 20230906200701.0
007 t|
008 071011s1954 sp ac ||||1| spa d
100 1 _aVidor, King.
_9114555
245 1 0 _aHollywood al desnudo /
_cKing Vidor ; [traducción directa del inglés por Luis Solano].
250 _a[1ª ed.].
260 _aBarcelona :
_bA. H. R.,
_c[1954]
300 _a322 p. :
_bil. ;
_c21 cm.
490 1 _aAmanecer
650 0 4 _aActores-
_xBiografías.
_99593
700 1 _aSolano Costa, Luis.
_9107084
830 0 _aAmanecer
_9181036
852 _aES-MaACL
_jC-9256
_bR.36678
999 _c142985
_d142985